| 000 | 00539cam a22001577a 4500 | ||
|---|---|---|---|
| 008 | 180718b1995 xxu||||| |||| 00| 0 eng d | ||
| 082 | _aAB Ah51 | ||
| 100 | _aInternational Seminar on Islamic History, art and Culture in South Asia (1986: Islamabad) | ||
| 245 |
_aIslam in South Asia: proceedings _cedited by Rashid Ahmad and Afzal Haq Qarshi |
||
| 260 |
_aLahore _bInstitute of Islamic Culture _c1995 |
||
| 300 | _a277p. | ||
| 650 | _aIslam and art | ||
| 650 | _aIslam - History | ||
| 700 | _aQarshi, Afzal Haq | ||
| 700 | _aAhmad, Rashi | ||
| 999 |
_c387773 _d387773 |
||